8 Parts of Speech - Statistics

General Stats
  • This quiz has been taken 56 times
  • The average score is 6 of 8
Answer Stats
Hint Answer % Correct
Person, place or thing Noun
98%
Conveys an action Verb
98%
A word or phrase naming an attribute, added to or grammatically related to a noun to modify or describe it. Adjective
88%
Lolly Lolly Lolly Adverb
88%
A word that takes the place of a noun Pronoun
86%
Something Something What's your function? Conjunction
76%
A word or group of words used before a noun to relate it grammatically or semantically to some other constituent of a sentence Preposition
59%
An exclamation that may be a word used to express an emotion or sentiment on the part of the speaker Interjection
51%
No matching quizzes found
Score Distribution
Percent of People with Each Score
Percentile by Number Answered
Your Score History
You have not taken this quiz